Sistema y estructura: ensayos sobre comunicación e intercambio
Gorde:
| Egile nagusia: | |
|---|---|
| Formatua: | Liburua |
| Hizkuntza: | gaztelania |
| Argitaratua: |
Madrid
Alianza
1979
|
| Saila: | Alianza Universidad, 245
|
| Gaiak: | |
| Etiketak: |
Etiketa erantsi
Etiketarik gabe, Izan zaitez lehena erregistro honi etiketa jartzen!
|
MARC
| LEADER | 00000nam a2200000 a 4500 | ||
|---|---|---|---|
| 001 | UCW6764 | ||
| 003 | CL-VaPUC | ||
| 008 | 920507e19790000SP |||||||||||||||||spa|d | ||
| 082 | 0 | 4 | |a 302.2 |b WIL |2 21 |
| 100 | 0 | |a Wilden, Anthony |e author |9 311839 | |
| 245 | 1 | 0 | |a Sistema y estructura: ensayos sobre comunicación e intercambio |
| 300 | |a 364 p | ||
| 942 | |c BK | ||
| 945 | |d 19920507 00:00:00 | ||
| 260 | |a Madrid |b Alianza |c 1979 | ||
| 650 | 0 | |a Comunicación |9 257251 | |
| 650 | 0 | |a Teoría de la información |9 260744 | |
| 583 | |a last modification |c 19920507 00:00:00 |k Rodrigo Vera | ||
| 490 | 0 | |a Alianza Universidad, 245 | |
| 999 | |c 219718 |d 219716 | ||
| 952 | |0 0 |1 0 |4 0 |6 302_200000000000000_WIL_1979 |7 0 |8 A |9 210962 |a BIBEDU |b BIBEDU |d 2019-11-15 |i 2791951 |o 302.2 WIL 1979 |p 2791951 |r 2019-11-15 |w 2019-11-15 |y BK |k EDU | ||
| 952 | |0 0 |1 0 |4 0 |6 302_200000000000000_WIL_1979 |7 0 |8 A |9 210963 |a BIBEDU |b BIBEDU |d 2019-11-15 |i 1560530 |o 302.2 WIL 1979 |p 1560530 |r 2019-11-15 |w 2019-11-15 |y BK |k EDU | ||
| 952 | |0 0 |1 0 |4 0 |6 302_200000000000000_WIL_1979 |7 0 |8 A |9 210964 |a BIBEDU |b BIBEDU |d 2019-11-15 |i 1560549 |o 302.2 WIL 1979 |p 1560549 |r 2019-11-15 |w 2019-11-15 |y BK |k EDU | ||